| 000 | 00545nam a22001932 4500 | ||
|---|---|---|---|
| 001 | 0000005569 | ||
| 005 | 20151217160107.0 | ||
| 008 | 070619s xx 000 0 eng d | ||
| 040 |
_aKABU _cKABU |
||
| 050 | 0 |
_aPZ7 _b.M48 |
|
| 100 | 1 |
_aMfune, Sausin. _@0000156826 |
|
| 245 | 1 | 0 | _aAfrican adventure stories. |
| 260 |
_aHarare, Zimbabwe : _bEADPA, _c2000. |
||
| 300 | _a2 v. | ||
| 908 | _a070619 | ||
| 950 | _@1 | ||
| 999 |
_c14137 _d14137 |
||